000 00641nam a2200241 i 4500
001 C2-0298251
003 PPAK
005 20180728080352.0
008 090528s1997 cc |||| ||||| | chi d
020 _a9578420056
040 _aPPAK
_beng
_cPPAK
_erda
082 0 4 _a158.1
_223
090 0 0 _a158.1
_bHEI
_dG
100 1 _aHei, You Long,
_eauthor
245 1 0 _aKuai le shang ban ka nei ji
264 1 _aTaipei, Taiwan :
_bCheng Bang Wen Hua ,
_c1997
300 _a276 pages ;
_c21 cm
336 _2rdacontent
_atext
337 _2rdamedia
_aunmediated
338 _2rdacarrier
_avolume
650 1 0 _aConduct of life
942 _ddc
_cB
999 _c102581
_d102581